000 00451nam a22001577a 4500
005 20250424113319.0
008 250325b |||||||| |||| 00| 0 eng d
041 _aEng.
082 _a303.4 BER
100 _aJohannisson, Bengt
245 _aSocietal Entrepreneurship: Positioning Penetrating Promoting
260 _aUK
_bEdward Elgar Publishing Limited
_c2012
300 _a292;. P. 23 cm
650 _aSocial change; Human Ecology
942 _cBK
999 _c43394
_d43394